Hypernym Words 2 - Statistics

General Stats
  • This quiz has been taken 46 times
    41 since last reset
  • The average score is 8 of 15
Answer Stats
Hyponyms Hypernym % Correct
Rubik's Cube, Jigsaw, Sliding Puzzle
100%
Chrysanthemum, Hibiscus, Hydrangea Flower
97%
Bowler, Fez, Zucchetto Hat
83%
Screwdriver, Molotov, Stinger Cocktail
72%
Cicada, Centipede, Scorpion Arthropod
61%
Bela Bartók, Gustav Mahler, Igor Stravinsky Composer
58%
Rubidium, Oganesson, Molybdenum Element
58%
Kangaroo, Koala Bear, Tasmanian Devil Marsupial
58%
Halberd, Mace, Sickle Weapon
53%
Amharic, Malayalam, Igbo Language
47%
Beignet, Croquembouche, Profiterole Pastry
39%
Pencil/Rubber, Kneaded, Vinyl Eraser
25%
Lateen, Monohull, Daggerboard Sail
6%
Anorthoclase, Ashoverite, Nabalamprophyllite Mineral
3%
Bryophyte, Archaeplastida, Pteridophytes Plant
3%
No matching quizzes found
Score Distribution
Percent of People with Each Score
Percentile by Number Answered
Your Score History
You have not taken this quiz since the last reset